00250nam a2200109Ia 4500008004100000082002100041100002600062245001000088260002600098300000800124650000800132240116s9999 xx 000 0 und d a348.45491bAZH-P aAzhar, Muhammad wahaj 0aPCRLJ aPakistanbPCRLJc2022 a663 aLaw